| 000 | 00615nam a2200193Ia 4500 | ||
|---|---|---|---|
| 001 | 3287 | ||
| 003 | GE_BSU | ||
| 008 | 181216s||||||||xx |||||||||||||| ||und|| | ||
| 040 | _cGE_BSU | ||
| 080 | _a665.55 | ||
| 245 | _aНефтехимия, нефтехимичесие процессы и нефтепереработка. | ||
| 245 | _cВед. ред. С.И.Бабушкина. | ||
| 260 | _aМ. | ||
| 260 | _bХимия. | ||
| 260 | _c1964. | ||
| 300 | _a266 стр. 22см. | ||
| 653 | _aНефтехимия, нефтехимичесие процессы и нефтепереработка. | ||
| 942 | _cBK | ||
| 999 |
_c37328 _d37328 |
||